Statistiques concernant Culture Générale - Série 1052

Cliquez ici pour prendre le quiz!

Statistiques générales

  • Ce quiz a été pris 38 fois
  • Le résultat moyen est 3 sur 10

Statistiques - réponses

QuestionRéponse% Correct
Quel synonyme de "charbons ardents" désigne la matière incandescente, résidu d'un feu, qui ne jette plus de flammes et sur laquelle on fait cuire la viande ?braise
72%
A quelle présentatrice du 20h doit-on le roman : "L'Institutrice" ?Claire Chazal
64%
Dans l'album de Tintin "Les Bijoux de la Castafiore", comment le professeur Tournesol a-t-il baptisé sa nouvelle variété de rose ?Bianca
44%
Dans quel pays européen est située la ville d'Arlon ?Belgique
44%
Arbre d'Afrique qui signifie "arbre à beurre" en langue wolofkarité
28%
Qui a remporté, en 1989, le tournoi de tennis de Roland-Garros en simple messieurs ?Michael Chang
28%
Comment appelle-t-on les habitants de Cahors ?Cadurciens
17%
En janvier 1952, quel homme politique et écrivain français devient président du Conseil ?Edgar Faure
6%
Quel écrivain, prénommé Paul, a écrit en 1953, "Mémoires d'un naïf" ?Paul Guth
3%
Dieu suprême des Chananéens, et auquel les Hébreux ont également rendu un culte. Il a pour homonyme une ville suisse .Baal
0%

Distribution des résultats

Percentile par nombre de réponses

% des personnes avec chaque résultat

Votre développement - résultats

Vous n’avez pas pris ce quiz